00642nam a2200241 a 4500001001300000003000900013005001700022008004100039020001000080082001900090100001700109245001200126260004400138300000800182500003500190505001000225650001900235700001700254902000800271942000700279952009900286999001500385nice12345678IN_TiNIC20260116011729.0050524s1971 boma grp 000 0 eng  ac10000a230.0954bSIN1 aSingh, Bakht aBethany aBombaybGospel Literature Servicec1971 a60p aincludes index and biblioraphy2 aIndex aTheology-India1 aSingh, Bakht bSRS cBK 00104070aHMIbHMId2007-06-13g100.00l0o230.0954 SIN1p06127r2007-06-13w2026-01-16yEB c3573d3573